00381nam a2200157Ia 45000010006000000050017000060080041000230410008000640820017000721000032000892450049001212600009001703000028001796500008002076540008002152255220260414150839.0260414t2013||||xx |||||||||||||| ||spa|| aESP a621.382bL33 aLe Rouzic, Jean-PierreeAUT 0aIEEE 802.11ac :ban analysis of the standard c2013 a307 páginas :c23 cm. aTCA aCET